Loading...

Essentials of Marx's capital

Bibliographic Details
Main Author: Dasgupta,K K
Format: Printed Book
Language:English
Published: New Delhi Sterling 1984
Subjects:
LEADER 00524nam a22001697a 4500
005 20160820112552.0
008 091015t xxu||||| |||| 00| 0 eng d
082 |a 330.85  |b DAS 
100 |a Dasgupta,K K  |9 943 
245 |a Essentials of Marx's capital 
300 |a xii,431p. 
653 |a Marxism  |a capital 
942 |c BK  |6 _ 
260 |a New Delhi  |b Sterling  |c 1984 
500 |a Vol.I, II & III 
999 |c 172069  |d 172069 
952 |0 0  |1 0  |2 ddc  |4 0  |6 33085_DAS  |7 0  |9 223486  |a DAE  |b DAE  |d 2009-10-15  |o 330.85 DAS  |p ECO04129  |r 2016-08-20  |w 2016-08-20  |y BK